000 01078nam0a22002771 4500
001 rc\4165546
005 20250611114840.0
021 _aRU
_b[51-4334]
035 _a(NLR Aleph) 008179412
090 _a7905627
_c7905627
100 _a20130415d1950 |||y0rusy50 ca
101 1 _arus
_cbel
102 _aRU
105 _ay z |||a|
200 1 _aГлубокое течение
_eРоман
_fПер. с белорус. С. Григорьевой
210 _aМинск
_cГос. изд-во БССР. Ред. худож. лит.
_d1950
215 _a315 с.
_d20
606 _aПартизанское движение в Великой Отечественной войне
_z1941-1945 гг.
_yБелоруссия (х. л.)
_2psbo
606 _aВеликая Отечественная война
_z1941-1945 гг. (х. л.)
_2psbo
700 1 _aШамякин
_bИ.П.
_f1921-2004
_gИван Петрович
702 1 _aГригорьева
_bС.
_4730
801 0 _aRU
_bNLR
_gpsbo
801 1 _aRU
_bELAR
_2rusmarc
852 _aNLR
_jЛ40 Г-3/714
942 _cBOOK
980 _aNB